| 000 | 00435nam a2200157Ia 4500 | ||
|---|---|---|---|
| 003 | GCL | ||
| 008 | 140319s9999 xx 000 0 ara d | ||
| 040 |
_aGCL / _cGCL |
||
| 082 | 0 | 4 |
_a813.008 _bم ق |
| 100 | 1 | _aمجموعة من المؤلفين | |
| 245 | 1 | 0 |
_a15 قصة مصرية / _cمجموعة من المؤلفين |
| 490 |
_aكتب للجميع _v0 |
||
| 650 | 0 | 4 | _aالادب |
| 650 | 0 | 4 | _aالمجموعات |
| 942 |
_2ddc _cBK |
||
| 999 |
_c39741 _d39741 |
||